01018nmc a2200277 a 4500003000900000005001700009008004100026040001300067100002900080245002800109260003300137300001800170490005900188500013300247500004200380500005100422500008300473504002900556650002500585650001800610651001600628651001300644651001500657653002600672800004200698AR-BaBNM20251128203051.0097019s1986 ||||||||||||||000 | spa|| cAR-BaBNM1 aCirigliano, Gustavo F.J.10aEducación a distancia aBuenos AiresbDocenciac19860 a68 p.bdiagr. 0aCongreso pedagógico. Compromiso y creatividadvV. 210 aContiene referencias a cinco experiencias de Educación a Distancia: SEATRA: Sistema de educación abierta de los trabajadores0 aThe Open University de Gran Bretaña0 aUNA: Universidad Nacional Abierta de Venezuela0 aUNED: Universidad Nacional de Educación a Distancia de Costa Rica y España aBibliografía: p. 65-66 4aEDUCACION PERMANENTE 4aUNIVERSIDADES 4aReino Unido 4aEspaña 4aCosta Rica 0aEDUCACION A DISTANCIA1 aGómez de Mier, Eugenioecoordinador